Responses for Show #7207 - Tuesday, January 5, 2016

WE ASKED: Meteorologist Ginger Zee.

Contestants

[<< previous game]

Steve Belding, an engineer from Knoxville, Tennessee

Alex Lautanen Walker, a legal secretary from San Diego, California

Terry McElhennon, a customer service representative from New Bern, North Carolina (whose 1-day cash winnings total $14,801)

[next game >>]

Jeopardy! Round responses

AUTHORS
LODGE PODGE
COLLEGES BY TEAM NAMES
BARONS & BARONESSES
DOWNRIGHT BEASTLY
ON THE LETTERHEAD
(Alex Trebek: Each correct response will be in letter-word form. I'll give you an example--T-shirt. A letter followed by a word.)
    $200 16
(Terry: Who is Thoreau?)

Whitman

TerryAlex
    $200 18
(John F.) Kennedy

Steve
    $200 7
(Terry: What is Auburn?)
...
(Alex Trebek: The University of [*], yes. Terry's going to hear from University of [*] people on that one.)

Alabama

TerrySteve
    $200 24
(Margaret) Thatcher

Steve
    $200 1
a walrus

Terry
    $200 12
a V-neck

Terry
    $400 17
(William) Faulkner

Steve
    $400 19
beavers

Alex
    $400 8
Georgetown

Steve
    $400 25
the Peace Prize

Steve
    $400 2
the rat race

Terry
    $400 5
C-section

Steve
    $600 20
(Jonathan) Swift

Terry
    $600 22
Fred Flintstone

Steve
    $600 9
Vanderbilt

Steve
    $600 26
the Red Baron

Alex
    $600 3
elephant doors

Alex
    $600 13
the D-backs

Steve
    $800 21
Toni Morrison

Steve
    $800 23
Canberra

Alex
    $800 10
Georgia Tech

Steve
    $800 29
Jamie Lee Curtis

Terry
    $1,000 4
(Alex Walker: What are catwalks?)

wormholes

Alex
    $800 14
the O-rings

Steve
    $1000 27
(Terry: Who is Arthur C. Clarke?)
(Steve: Who is Verne?)

H.G. Wells

TerrySteve
Triple Stumper
    $1000 28
As You Like It

Alex
    $1000 11
Maryland

Steve
    $1000 30
Rothschild

Alex
    $1000 6
a cattle call

Steve
    $1000 15
an I-beam

Alex

Scores at the first commercial break (after clue 15):

Terry Alex Steve
$600 $600 $5,800

Scores at the end of the Jeopardy! Round:

Terry Alex Steve
$800 $4,600 $7,400

Double Jeopardy! Round responses

NOM NOM NOM DE GUERRE
MOVIE BIOGRAPHIES
STARTS WITH "S"
WYOMING
DANGEROUS WEATHER
THE PULITZER PRIZE AT 100
    $400 2
Napoleon

Steve
    $400 21
Amadeus

Terry
    $400 9
skyscraper

Steve
    $400 5
Cheyenne

Alex
    $400 3
hail

Terry
    $400 1
the Boston Marathon bombing

Alex
    $800 4
the Red Cross

Alex
    $800 22
Man on the Moon

Terry
    $800 10
Sharpie

Steve
    $800 6
Colorado

Steve
    $800 7
superstorm

Steve
    $800 26
(Alex Trebek: Less than a minute now.)

(Benjamin) Franklin

Steve
    $1200 19
K-rations

Alex
    $1200 23
The Agony and the Ecstasy

Terry
    $1200 11
syllabus

Alex
    $1200 15
Bighorn

Steve
    $1200 8
Oklahoma

Terry
    $3,000 27
(Steve: What is Princeton?)

Columbia

Steve
    $1600 20
condensed milk

Terry
    $1600 24
Good Night, and Good Luck.

Terry
    $1600 12
sensory deprivation

Terry
    $1,000 16
Jackson Hole

Steve
    $1600 14
London

Alex
    $1600 29
(David) Mamet

Terry
    $2000 28
Santa Anna

Alex
    $2000 25
The Last Emperor

Triple Stumper
    $2000 13
a stevedore

Steve
    $2000 18
Fort Laramie

Steve
    $2000 17
shear

Steve
    $2000 30
(Wynton) Marsalis

Steve

Scores at the end of the Double Jeopardy! Round:

Terry Alex Steve
$11,200 $12,200 $18,600

[wagering suggestions for these scores]

Final Jeopardy! Round responses

BRITISH NOVELS
(Alex Trebek: [To Terry] George Orwell.)
TerryWhat is Animal Farm?
$11,000
AlexWhat is Animal Farm
$6,500
SteveWhat is Animal Farm?
$5,801
Animal Farm

Final scores:

Terry Alex Steve
$22,200 $18,700 $24,401
2nd place: $2,000 3rd place: $1,000 New champion: $24,401

Game dynamics:

Coryat scores:

Terry Alex Steve
$11,200 $13,200 $22,200
14 R,
3 W
15 R,
1 W
(including 1 DD)
27 R
(including 1 DD),
2 W
(including 1 DD)

Combined Coryat: $46,600

[game clues] [game scores] [suggest correction]

Game tape date: 2015-12-08
The J! Archive is created by fans, for fans. Scraping, republication, monetization, and malicious use prohibited; this site may use cookies and collect identifying information. See terms. The Jeopardy! game show and all elements thereof, including but not limited to copyright and trademark thereto, are the property of Jeopardy Productions, Inc. and are protected under law. This website is not affiliated with, sponsored by, or operated by Jeopardy Productions, Inc. Join the discussion at JBoard.tv.